Ends in 'MA' Quiz Stats

Quiz Updated Feb 16, 2012

Also try: Ends in 'ITE'
Challenge
Share
Tweet
Embed
Score 0/34 Timer 07:00
4 Plays Today
HINT ANSWER % Correct
,comma
86.7%
A place to view filmscinema
83.7%
Molten rock beneath the Earth's surfacemagma
81.7%
A state of deep, often prolonged unconsciousnesscoma
81.4%
A smell or odor, particularly a pleasant onearoma
76.7%
South American camel cousinllama
75.3%
A document certifying successful completiondiploma
70.1%
A genre that typically portrays a serious story of human conflictdrama
68.6%
A common chronic respiratory disorder usually related to allergiesasthma
67.7%
A US presidentBarack Obama
65.5%
A South American capitalLima
65.1%
An injury or shock to the bodytrauma
64.4%
Cougar; mountain lionpuma
62.3%
An unbroken view of the surrounding areapanorama
61%
A miniature three dimensional scene often made by studentsdiorama
60.5%
The fourth state of matterplasma
60.3%
Site of a cataclysmic event on Aug. 6th, 1945Hiroshima
60%
HINT ANSWER % Correct
A system of religious principles or tenetsdogma
57.8%
Isthmus nationPanama
54.3%
Multiple Grammy winning cellistYo-Yo Ma
54%
Breakfast auntAunt Jemima
53.9%
Site of a famous US marines flag raisingIwo Jima
51.3%
The northernmost US state to fit the categoryOklahoma
49.8%
The ability to inspire interest or affection by means of charm or influencecharisma
48.6%
This country's name was changed in 1989Burma
44.6%
A difficult or perplexing situationdilemma
43.5%
Inevitable results brought about by one's actionskarma
40.4%
Aztec leader at the time of the Spanish conquestMontezuma II
38.2%
18th letter of the greek alphabetsigma
36.5%
A group of diseases that damage the optic nerveglaucoma
34.5%
Late 15th/early 16th century Portuguese explorerVasco da Gama
25.2%
A currency that was replaced by the Euro in 2002drachma
25%
Director of Scarface and Mission: ImpossibleBrian de Palma
14.3%
An Asian capitalManama
5.9%

You're not logged in!

Compare scores with friends on all Sporcle quizzes.
Sign Up with Email
OR
Log In

You Might Also Like...

Show Comments

Extras

Top Quizzes Today


Score Distribution

Your Account Isn't Verified!

In order to create a playlist on Sporcle, you need to verify the email address you used during registration. Go to your Sporcle Settings to finish the process.